01294nam a2200301 4500001000700000003000900007005001700016008004100033020001800074040004900092041000800141090002200149100003500171245016000206250002200366260005000388300005500438653003500493653003300528653004300561653004900604700006300653700005700716700006300773942001200836999001900848952012500867114271DR-UNIBE20251210105521.0251203b2025 dr ||||| |||| 00| 1 spa d a9789945296877 aBIBLIOTECA UNIBEbspacBIBLIOTECA UNIBEerda aspa aFBIU LI PI SA113u10aSabaris, Arlene9152659eautor10aUna dulce lección /cArlene Sabaris ; dirección editorial: Luis Reynaldo Pérez ; diseño y maquetación: Karina Chávez ; ilustraciones: Mística aPrimera edición aSanto Domingo :bLuna Insomne Editores,c2025 a15 páginas :bilustraciones a color :c20 x 8 cm 7aLiteratura infantil dominicana 7aPoesía infantil dominicana 7aAbejas - Poesías infantil dominicana 7aHistorias - Poesías infantiles dominicanas10aPérez , Luis Reynaldo,d1980-939270edirector editorial10aChávez, Karina9152663ediseñadoremaquetación10aMísticaq(González Uceta, Massiel)9152662eilustrador 2ddccBK c114271d114271 00102ddc718FBIUaPrincipald2025-10-11l0oFBIU-LI PI S113upFBIU0926r2025-12-03 16:27:31tEj. 1w2025-12-03yBK-RES